000 00461nam a2200169Ia 4500
999 _c23394
_d23394
003 OSt
005 20200215120135.0
008 190216s9999||||xx |||||||||||||| ||und||
020 _a9788126449347
040 _coclc
082 _a954.83
_bGAN/V
100 _aGangadaran, M
_9927
245 0 _aVanijyakeralam /
_cM Gangadaran
260 _bDc Books,
_c2013.
_aKottayam:
300 _a95p
942 _cBK
_2ddc
_h954.83
_iGAN/V
_k954.83
_mGAN/V